000 00606nam a22002297a 4500
003 UA-OsUOA
001 124434
007 ta
008 20170810b un ||||| |||| 00| 0 ukr d
100 _aІванина В.
090 _a821.161.2
_bІ-99
942 _cBK
040 _aUA-OsUOA
_bukr
_cUA-OsUOA
_dUA-OsUOA
245 _aБрати
_bроман
300 _a192 с.
955 _a3
041 _aukr
080 _a821.161.2
260 _aК.
_bУкраїнський письменник
_c2016
650 7 _a82 Література. Літературознавство
_2UDC
999 _c411590
_d411590